| 000 | 00739nam a22002057a 4500 | ||
|---|---|---|---|
| 005 | 20240326103158.0 | ||
| 008 | 240326b ||||| |||| 00| 0 eng d | ||
| 020 | _a9789388511339 | ||
| 040 | _cAIMIT LIBRARY | ||
| 082 |
_21 _a006.3 _bLELC |
||
| 100 |
_aLele, Chitra. _9156873 |
||
| 245 |
_aArtificial intelligence meets augmented reality : _bredefining regular reality / _cBy Chitra Lele. |
||
| 250 | _a1st ed. | ||
| 260 |
_aNew Delhi ; _bBPB Publication , _c2023. |
||
| 300 |
_axi,142p. ; _bPB _c23 cm. |
||
| 650 |
_aIntroduction to artificial intelligence and augmented reality _9156874 |
||
| 650 |
_aBusiness at the crossroads of AL and AR _9156875 |
||
| 650 |
_aWhere do we go from here _9156876 |
||
| 942 |
_2ddc _cBK _e1st _k006.3 LELC |
||
| 999 |
_c230614 _d230614 |
||